[Event "FRA-chT U20 0304"]
[Site "France"]
[Date "2004.01.04"]
[Round "7"]
[White "Ip, Vincent"]
[Black "Estarellas, Etienne"]
[Result "1-0"]
[WhiteElo "2072"]
[BlackElo "1650"]
[PlyCount "63"]
[EventDate "2003.11.??"]
[EventType "team"]
[EventRounds "11"]
[EventCountry "FRA"]
[SourceTitle "EXT 2005"]
[Source "ChessBase"]
[SourceDate "2004.11.15"]
[SourceVersion "1"]
[SourceVersionDate "2004.11.15"]
[SourceQuality "1"]
[WhiteTeam "Paris NAO"]
[BlackTeam "Niort"]
[WhiteTeamCountry "FRA"]
[BlackTeamCountry "FRA"]

1. e4 c5 2. Nc3 Nc6 3. g3 Nf6 4. Bg2 g6 5. d3 Bg7 6. Be3 d6 7. h3 e6 8. Qd2 0-0 9. Nge2 Qc7 10. 0-0 a6 11. Bh6 b5 12. Bxg7 Kxg7 13. f4 Bb7 14. g4 Rad8 15. f5 exf5 16. Qg5 h6 17. Qxf6+ Kxf6 18. Nd5+ Kg7 19. Nxc7 fxg4 20. hxg4 Nb4 21. Rfc1 Rd7 22. Nd5 Nxd5 23. exd5 Re8 24. Ng3 Re5 25. Re1 Rde7 26. Kf2 Bc8 27. Bf3 a5 28. Re4 Bb7 29. Rae1 f6 30. c4 b4 31. Rxe5 Rxe5 32. Ne4 1-0

[Event "FRA-chT U20 0304"]
[Site "France"]
[Date "2003.11.??"]
[Round "1"]
[White "Estarellas, Etienne"]
[Black "Blancho, Gwenael"]
[Result "0-1"]
[WhiteElo "1650"]
[BlackElo "1730"]
[PlyCount "215"]
[EventDate "2003.11.??"]
[EventType "team"]
[EventRounds "11"]
[EventCountry "FRA"]
[SourceTitle "EXT 2005"]
[Source "ChessBase"]
[SourceDate "2004.11.15"]
[SourceVersion "1"]
[SourceVersionDate "2004.11.15"]
[SourceQuality "1"]
[WhiteTeam "Niort"]
[BlackTeam "Sautron"]
[WhiteTeamCountry "FRA"]
[BlackTeamCountry "FRA"]

1. e4 c5 2. Nc3 Nc6 3. Bc4 e6 4. f4 Nge7 5. Nf3 g6 6. 0-0 Bg7 7. Qe1 Nb4 8. Bb3 c4 9. Ba4 0-0 10. a3 Nbc6 11. Bxc6 bxc6 12. d4 cxd3 13. cxd3 Ba6 14. Qd1 d5 15. Re1 Qc7 16. e5 c5 17. d4 Rfc8 18. Be3 Nf5 19. Bf2 cxd4 20. Nxd4 Nxd4 21. Bxd4 Rab8 22. b4 Qd7 23. Bc5 Bf8 24. Bxf8 Kxf8 25. Na4 Bc4 26. Nc5 Qe8 27. Qd4 Rb6 28. Rac1 Kg8 29. Rc3 Qe7 30. Qf2 Rbc6 31. Rd1 a5 32. Rb1 Rb8 33. Rb2 axb4 34. axb4 Rcb6 35. Nd3 Bxd3 36. Rxd3 Rxb4 37. Rbd2 Rb1+ 38. Rd1 Rxd1+ 39. Rxd1 Qb4 40. g3 Qb6 41. Qxb6 Rxb6 42. Kg2 Rb2+ 43. Kh3 Kf8 44. g4 Ke7 45. g5 Rc2 46. Kg3 Kd7 47. Ra1 Rc7 48. Ra6 Rc8 49. Ra7+ Ke8 50. h4 Rd8 51. Kf3 d4 52. Ke2 d3+ 53. Kd2 Rd4 54. Ra8+ Ke7 55. Rh8 Rxf4 56. Rxh7 Rf3 57. h5 gxh5 58. Rxh5 Rf5 59. Kxd3 Rxe5 60. Kd4 Rf5 61. Ke4 Kf8 62. Rh6 Rxg5 63. Rf6 Kg7 64. Rf3 Kg6 65. Rf2 Rf5 66. Rg2+ Kf6 67. Rg3 e5 68. Rb3 Rf4+ 69. Ke3 Kf5 70. Rb7 f6 71. Rb5 Kg4 72. Rb7 Rd4 73. Rf7 Kf5 74. Rh7 Ke6 75. Ra7 Rd7 76. Ra6+ Rd6 77. Ra8 f5 78. Re8+ Kd5 79. Rf8 f4+ 80. Kf3 Kd4 81. Re8 Rd5 82. Re7 Kd3 83. Re8 Rc5 84. Rd8+ Kc3 85. Ke4 Kc4 86. Rf8 Kc3 87. Rf5 Kd2 88. Kf3 Kd3 89. Rf8 Rd5 90. Rf5 Kd4 91. Rf8 Rd6 92. Re8 Kd5 93. Rf8 Re6 94. Rd8+ Kc6 95. Ke4 Re7 96. Rf8 Kd6 97. Rd8+ Ke6 98. Rd5 Kf6 99. Rd6+ Re6 100. Rd7 Kg6 101. Rc7 Rf6 102. Kxe5 f3 103. Rc1 f2 104. Rf1 Kg5 105. Ke4 Kg4 106. Ke3 Kg3 107. Kd2 Kg2 108. Ke2 0-1

[Event "FRA-chT U20 0304"]
[Site "France"]
[Date "2003.11.??"]
[Round "2"]
[White "Peyre, Thomas"]
[Black "Estarellas, Etienne"]
[Result "0-1"]
[WhiteElo "1550"]
[BlackElo "1650"]
[PlyCount "42"]
[EventDate "2003.11.??"]
[EventType "team"]
[EventRounds "11"]
[EventCountry "FRA"]
[SourceTitle "EXT 2005"]
[Source "ChessBase"]
[SourceDate "2004.11.15"]
[SourceVersion "1"]
[SourceVersionDate "2004.11.15"]
[SourceQuality "1"]
[WhiteTeam "Guingamp"]
[BlackTeam "Niort"]
[WhiteTeamCountry "FRA"]
[BlackTeamCountry "FRA"]

1. e4 c5 2. Nf3 Nc6 3. d4 cxd4 4. Nxd4 Nf6 5. Nc3 g6 6. Be3 Bg7 7. Bc4 Qa5 8. 0-0 Qb4 9. Qd3 Qxb2 10. Na4 Qb4 11. Nc3 Ne5 12. Bxf7+ Kxf7 13. Qd2 Nc4 14. Qd3 Ne5 15. Qd2 b6 16. f4 Neg4 17. e5 Nxe3 18. Qxe3 Ng4 19. Qf3 Qxd4+ 20. Kh1 Ba6 21. Rfd1 Nf2+ 0-1

[Event "Niort op-B"]
[Site "Niort"]
[Date "2002.09.29"]
[Round "6"]
[White "Lamot, Florian"]
[Black "Estarellas, Etienne"]
[Result "0-1"]
[WhiteElo "1620"]
[BlackElo "1500"]
[PlyCount "133"]
[EventDate "2002.09.28"]
[EventType "swiss"]
[EventRounds "6"]
[EventCountry "FRA"]
[SourceTitle "EXT 2004"]
[Source "ChessBase"]
[SourceDate "2003.11.25"]
[SourceVersion "1"]
[SourceVersionDate "2003.11.25"]
[SourceQuality "1"]

1. e4 Nf6 2. Nc3 e5 3. Nf3 Bb4 4. Nxe5 Bxc3 5. bxc3 d6 6. Nf3 Nxe4 7. Qe2 Qe7 8. Bb2 Nc6 9. d3 Nc5 10. Rb1 Qxe2+ 11. Bxe2 0-0 12. 0-0 Be6 13. a3 Na4 14. Ba1 b6 15. d4 a6 16. c4 Bg4 17. h3 Bd7 18. Rfe1 Ne7 19. Bd3 Ng6 20. Ng5 Rfe8 21. Be4 Rab8 22. Bd5 Rf8 23. g3 h6 24. Ne4 Bxh3 25. Bc6 b5 26. cxb5 axb5 27. Bxb5 Nb6 28. Bc6 Bf5 29. Rb5 Bd7 30. Bxd7 Nxd7 31. Reb1 Rxb5 32. Rxb5 Rb8 33. a4 c6 34. Rxb8+ Nxb8 35. Nxd6 Na6 36. Bc3 Ne7 37. a5 c5 38. Kg2 Nc6 39. Nf5 cxd4 40. Nxd4 Nxd4 41. Bxd4 f6 42. Kf3 Kf7 43. Ke4 Ke6 44. c4 g5 45. g4 Nb4 46. f3 Na6 47. c5 Kd7 48. Bxf6 Nxc5+ 49. Kd5 Ne6 50. Be5 Nd8 51. Bg7 Nf7 52. Be5 Nd8 53. Bf6 Ne6 54. a6 Nc7+ 55. Ke5 Nxa6 56. Bg7 Nc5 57. Bxh6 Ne6 58. Kf6 Nd4 59. Bxg5 Nxf3 60. Be3 Nh4 61. g5 Ke8 62. Bc5 Kd7 63. Bf2 Nf3 64. g6 Ng5 65. g7 Ne4+ 66. Kf7 Nxf2 67. g8Q 0-1